000 011830000a22003250004500
003 EG-GICUC
005 20250223032102.0
008 070310s2003 ua d f m 000 0 eng d
040 _aEG-GICUC
_beng
_cEG-GICUC
041 0 _aEng
049 _aDeposite
097 _aM.Sc
099 _aCai01.13.04.M.Sc.2003.Da.A
100 0 _aDalia Mahmoud Nabil Yousif
245 1 0 _aAssessment of rapeseed oil as an alternative fuel for diesel engine /
_cDalia Mahmoud Nabil Yousif ; Supervised Nabil M.Abd El moneim , Ola Abbas Megahed
246 1 5 _aتقييم زيت الشلجم كبديل لزيت الديزل
260 _aCairo :
_bDalia Mahmoud Nabil Yousif ,
_c2003
300 _a90P :
_bcharts ;
_c30cm
502 _aThesis (M.Sc.) - Cairo University - Faculty Of Engineering - Department Of Chemical Engineering
530 _aIssued also as CD
653 4 _aAlternative fuel
653 4 _aDiesel engine
653 4 _aRapeseed oil
700 0 _aNabil Mahmoud Abd El moneim ,
_eSupervisor
700 0 _aOla Abbas Megahed ,
_eSupervisor
856 _uhttp://172.23.153.220/th.pdf
905 _aMustafa
_eRevisor
905 _aSamia
_eCataloger
942 _2ddc
_cTH
999 _c68034
_d68034